Statistics for Marvel Films

Click here to take the quiz!

General Stats

  • This quiz has been taken 68 times
    (41 since last reset)
  • The average score is 49 of 73

Answer Stats

YearBrandTitleBox Office% Correct
2012Columbia PicturesThe Amazing Spider-Man$757.9 Million
97%
2019Marvel StudiosSpider-Man: Far From Home–––––––––––
97%
2017Marvel StudiosThor: Ragnarok$854 Million
97%
2017Marvel StudiosSpider-Man: Homecoming$880.2 Million
97%
2004Columbia PicturesSpider-Man 2$783.8 Million
97%
2011Marvel StudiosThor$449.3 Million
97%
2014Columbia PicturesThe Amazing Spider-Man 2$709 Million
97%
2007Columbia PicturesSpider-Man 3$890.9 Million
97%
2013Marvel StudiosThor: The Dark World$644.6 Million
97%
2002Columbia PicturesSpider-Man$821.7 Million
97%
1979Universal TelevisionCaptain America–––––––––––
94%
2010Marvel StudiosIron Man 2$623.9 Million
94%
2011Marvel StudiosCaptain America: The First Avenger$370.6 Million
94%
2014Marvel StudiosCaptain America: The Winter Soldier$714.3 Million
94%
2012Marvel StudiosThe Avengers$1519 Million
94%
2013Marvel StudiosIron Man 3$1215 Million
94%
2015Marvel StudiosAvengers: Age of Ultron$1405 Million
94%
2016Marvel StudiosCaptain America: Civil War$1153 Million
94%
2018Marvel StudiosAvengers: Infinity War$2037 Million
94%
2019Marvel StudiosAvengers 4–––––––––––
94%
2008Marvel StudiosIron Man$585.2 Million
94%
1944Republic PicturesCaptain America–––––––––––
94%
1979Universal TelevisionCaptain America II: Death Too Soon–––––––––––
94%
199021st Century FilmCaptain America$10,173
94%
201920th Century FoxX-Men: Dark Phoenix–––––––––––
91%
2008Marvel StudiosThe Incredible Hulk$263.4 Million
91%
201120th Century FoxX-Men: First Class$353.6 Million
88%
200320th Century FoxX2: X-Men United$407.7 Million
88%
200620th Century FoxX-Men: The Last Stand$459.4 Million
88%
201420th Century FoxX-Men: Days of Future Past$747.9 Million
88%
200020th Century FoxX-Men$296.3 Million
88%
201620th Century FoxX-Men: Apocalypse$543.9 Million
88%
2003Universal PicturesHulk$245.4 Million
88%
2014Marvel StudiosGuardians of the Galaxy$773.3 Million
78%
2017Marvel StudiosGuardians of the Galaxy, vol. 2$863.8 Million
78%
2020Marvel StudiosGuardians of the Galaxy, vol. 3–––––––––––
78%
2018Marvel StudiosAnt-Man and the Wasp–––––––––––
78%
2018Marvel StudiosBlack Panther$1346 Million
78%
2015Marvel StudiosAnt-Man$519.3 Million
78%
2019Marvel StudiosCaptain Marvel–––––––––––
75%
201620th Century FoxDeadpool$783.1 Million
69%
201720th Century FoxLogan$619 Million
69%
201820th Century FoxDeadpool 2$719.1 Million
69%
2016Marvel StudiosDoctor Strange$667.7 Million
63%
201320th Century FoxThe Wolverine$414.8 Million
59%
200920th Century FoxX-Men Origins: Wolverine$373.1 Million
59%
1994Constantin FilmThe Fantastic Four–––––––––––
56%
200720th Century FoxFantastic Four: Rise of the Silver Surfer$290 Million
56%
201520th Century FoxFantastic Four$167.9 Million
56%
200520th Century FoxThe Fantastic Four$330.6 Million
56%
2004New Line CinemaBlade: Trinity$128.9 Million
50%
2008Marvel StudiosPunisher: War Zone$10.1 Million
50%
2018Columbia PicturesVenom–––––––––––
50%
2004Artisan EntertainmentThe Punisher$54.7 Million
50%
1989New World PicturesThe Punisher$533,411
50%
1998New Line CinemaBlade$131.2 Million
50%
2002New Line CinemaBlade II$155 Million
50%
2007Columbia PicturesGhost Rider$228.7 Million
47%
2011Columbia PicturesGhost Rider: Spirit of Vengeance$132.6 Million
47%
200320th Century FoxDaredevil$179.2 Million
47%
200520th Century FoxElektra$56.7 Million
38%
1986Universal PicturesHoward the Duck$38 Million
38%
201920th Century FoxThe New Mutants–––––––––––
31%
2010Marv FilmsKick-Ass$96.2 Million
19%
2013Marv FilmsKick-Ass 2$60.7 Million
19%
2002Columbia PicturesMen in Black II$441.8 Million
13%
2015Marv FilmsKingsman: The Secret Service$414.4 Million
13%
2019Columbia PicturesMen in Black 4–––––––––––
13%
2012Columbia PicturesMen in Black 3$624 Million
13%
1997Columbia PicturesMen in Black$589.4 Million
13%
2017Marv FilmsKingsman: The Golden Circle$410.9 Million
13%
201920th Century FoxGambit–––––––––––
6%
2019Columbia PicturesSilver & Black–––––––––––
0%

Score Distribution

Percentile by Number Answered

Percent of People with Each Score

Your Score History

You have not taken this quiz since the last reset